00553nam a2200133 4500008001000000020001500010082001500025100003700040245005200077260004700129300003600176650016400212700004300376708 P977p a9968899038 a708bP977p aMarxuach, Michelle (curaduría) aPuertos y Costas Ricas o Costas y Puertos Ricos aSan José, Costa RicabTEOR/éTicac2000 a6 p.bill (col)c20,2 x 21.5 cm xarte contemporáneoxarte - exhibicionesxarte - Puerto Ricoxarte - Costa RicaxRosado, ChemixRivera, JorgexHerrero, FedericoxCon, RocíoxMendoza, Nadia aPérez-Ratton, Virginia (curaduría)